He painted Cape Cod : (Record no. 23130)

000 -LEADER
fixed length control field 01053cam a2200277 a 4500
001 - CONTROL NUMBER
control field 655943
005 - DATE AND TIME OF LATEST TRANSACTION
control field 20170125160527.0
008 - FIXED-LENGTH DATA ELEMENTS--GENERAL INFORMATION
fixed length control field 940708s1994 caua 000 0beng
010 ## - LIBRARY OF CONGRESS CONTROL NUMBER
LC control number 94072058
020 ## - INTERNATIONAL STANDARD BOOK NUMBER
International Standard Book Number 0912449500
050 00 - LIBRARY OF CONGRESS CALL NUMBER
Classification number ND237 .C18A4 1994
100 1# - MAIN ENTRY--PERSONAL NAME
Personal name Sykes, Barbara M'Cready.
245 10 - TITLE STATEMENT
Title He painted Cape Cod :
Remainder of title the life and works of Charles D. Cahoon /
Statement of responsibility, etc. Barbara M'Cready Sykes.
260 ## - PUBLICATION, DISTRIBUTION, ETC. (IMPRINT)
Place of publication, distribution, etc. Point Reyes Station, Calif. :
Name of publisher, distributor, etc. Floating Island Publications,
Date of publication, distribution, etc. 1994.
300 ## - PHYSICAL DESCRIPTION
Extent 71 p. :
Other physical details ill. (some col.) ;
Dimensions 23 cm.
600 10 - SUBJECT ADDED ENTRY--PERSONAL NAME
Personal name Cahoon, Charles D.
650 #0 - SUBJECT ADDED ENTRY--TOPICAL TERM
Topical term or geographic name as entry element Painters
Geographic subdivision United States
General subdivision Biography.
650 #0 - SUBJECT ADDED ENTRY--TOPICAL TERM
Topical term or geographic name as entry element Cape Cod (Mass.) in art.
942 ## - ADDED ENTRY ELEMENTS (KOHA)
Source of classification or shelving scheme
Koha item type Hard Covered Materials
Holdings
Withdrawn status Lost status Source of classification or shelving scheme Damaged status Not for loan Home library Current library Shelving location Date acquired Source of acquisition Total Checkouts Full call number Barcode Date last seen Price effective from Koha item type
          MACHAKOS UNIVERSITY LIBRARY MACHAKOS UNIVERSITY LIBRARY Technical section 25/01/2017 Donation(BFA)   ND237 .C18A4 1994 30562 24/07/2018 25/01/2017 Hard Covered Materials
© Machakos University Library, Along The Highway, Machakos Wote Rd, Machakos, Kenya P.O. Box 136 - 90100 Machakos - Kenya

Tel: ( +254 ) 723 805829 OR Fax : 044-20353 OR Email: library@mksu.ac.ke